|
|
|
|
| LEADER |
00680nab a2200205 i 4500 |
| 001 |
acta7971 |
| 005 |
20250926110010.0 |
| 008 |
161015s1978 hu o 000 hun d |
| 022 |
|
|
|a 0139-0171
|
| 040 |
|
|
|a SZTE Egyetemi Kiadványok Repozitórium
|b hun
|
| 041 |
|
|
|a hun
|
| 100 |
1 |
|
|a Géczi János
|
| 245 |
1 |
0 |
|a Csoportkép holddal - szoorok idején
|h [elektronikus dokumentum] :
|b [részlet] /
|c Géczi János
|
| 260 |
|
|
|a JATE
|b Szeged
|c 1978
|
| 300 |
|
|
|a 67-71
|
| 490 |
0 |
|
|a Bölcsész
|
| 650 |
|
4 |
|a Bölcsészettudományok
|
| 650 |
|
4 |
|a Nyelvek és irodalom
|
| 695 |
|
|
|a Magyar irodalom - vers
|
| 856 |
4 |
0 |
|u http://acta.bibl.u-szeged.hu/7971/1/bolcsesz_1978_067-071.pdf
|z Dokumentum-elérés
|